000 00657nam a2200193Ii 4500
003 JO-AjNU
008 230605s9999||||xx |||||||||||||| ||und||
040 _aJO-AjNU
_bara
_erda
_cJO-AjNU
041 _aara
050 1 4 _aRA1258.B36 2001
100 3 _aالبنا ، عمرو عبدالرحمن,
_eauthor
_915670
245 0 0 _aالتسمم الغذائي البكتيري والفطري
264 3 1 _aالاسكندرية :مكتبة المعارف الحديثة ، 2001
300 _a110ص
336 _atext
_btxt
_2rdacontent
337 _aunmediated
_bn
_2rdamedia
338 _avolume
_bnc
_2rdacarrier
650 4 _aالتسمم الغذائي
_915671
999 _aA4478
_c8046
_d8046